| 000 | 00847nam a22002057a 4500 | ||
|---|---|---|---|
| 999 |
_c19595 _d19595 |
||
| 003 | AR-CdUCM | ||
| 008 | 190518b ||||| |||| 00| 0 spa d | ||
| 040 |
_aMUNICIPALIDAD PROVINCIAL DEL CUSCO _cBIBLIOTECA MUNICIPAL DEL CUSCO |
||
| 082 |
_a332.4 / _bG86 |
||
| 100 |
_aGrove, David L. _937684 |
||
| 245 | _aPolítica monetaria en países subdesarrollados / | ||
| 260 |
_aMéxico : _bC.E.M.L.A, _c1955. |
||
| 300 |
_a112 paginas ; _c22.5 cm. |
||
| 505 | _aLos objetivos de la política monetaria -- Cooperación y responsabilidades internacionales de los bancos centrales -- Aportaciones de la banca central al desarrollo económico. | ||
| 650 |
_aBancos centrales _932455 |
||
| 650 |
_aCuestión monetaria _97311 |
||
| 710 |
_aCentro de Estudios Monetarios Latinoamericanos (México) _936603 |
||
| 942 |
_2ddc _cLIBROS |
||
| 945 |
_aacv _d2019-05-18 |
||